000 00593nam a2200241 a 4500
001 nice12345678
003 IN_TiNIC
005 20260116012011.0
008 050524s1954 lona grp 000 0 eng
020 _a
_c100
082 0 0 _a297.409
_bSMI
100 _aSmith, Margaret
245 _aSufi Path of Love
_b An Anthology of Sufism
260 _aLondon
_bLuzac and Co.
_c1954
300 _a154p
500 _aincludes index and biblioraphy
505 2 _aglossary
650 _aSufism-Hagiography
700 1 _aSmith, Margaret
902 _bSRS
942 _cBK
999 _c5226
_d5226